000 00819nam a22002897a 4500
999 _c312113
_d312113
001 25810
003 UA-OsUOA
005 20200324093259.0
007 ta
008 20040428b un ||||| |||| 00| 0 ukr d
020 _a9667760855
040 _aUA-OsUOA
_bukr
_cUA-OsUOA
_dUA-OsUOA
041 _aukr
044 _aUA
080 _a355.58(075)
090 _a355.58(075)
_bД35
100 _aДепутат О.П.
245 _aЦивільна оборона
_bПідручник
_cО.П. Депутат , І.В. Коваленко, І.С. Мужик; Ред. В.С. Франчук
260 _aЛьвів
_bАфіша
_c2001
300 _a336 с.
650 7 _2355.58(075)
650 7 _2355.58(075)
700 _aКоваленко І.В.
700 _aМужик І.С.
942 _cBK
_2udc
955 _a2